000 01129cam a22001934a 4500
005 20250605164044.0
008 250528s ||||||||||||||||||||||||d
035 _a17076
020 _a933029500
040 _aGR-AtMCL
_bgre
_dGR-AtMCL
_eAACR2
245 1 _aKant's Dove / The History of Transference in Psychoanalysis
260 _bChiron Publications,
_c1989
300 _a162
520 _aThe writer in this book explores this subject in historical depth, reflecting on the development of depth psychology from its earliest beginnings in mesmerism and hypnotism. Preface, Introduction, The Investigation Committee Inquires, Eros and the Primary Relationship, A Circular Seduction, Science for Neutrality, Psyche and Soma, Empathic Suggestion, The Therapy of Desire, Defensive Strategies, The Fascination of Emotion, Objectifying Emotion, The Reciprocity of the Relationship, Neutral Permeability, Love and the Relationship, The Transference of the Analyst, Caught in the Trap, The Separation, Conclusions, References, Index.
700 1 _aCarotenuto Aldo
_93210
942 _cBK
999 _c2516
_d2516